000 00351nam a2200133Ia 4500
005 20250423094459.0
008 250422s9999 xx 000 0 und d
020 _a0-7356-1837-2
245 0 _aApplicaton Architecture for Net: Designing Applicatons and Services
260 _c2002
300 _a157 p
650 _aDesigning Apllication
942 _cBK
999 _c27365
_d27365